| 000 | 00757nam a2200253Ia 4500 | ||
|---|---|---|---|
| 003 | OSt | ||
| 005 | 20220927104115.0 | ||
| 006 | a|||||r|||| 00| 0 | ||
| 007 | ta | ||
| 008 | 220926b |||||||| |||| 00| 0 eng d | ||
| 024 | _a105838 | ||
| 037 | _cReference Collections | ||
| 040 |
_aRTL _cRTL _beng |
||
| 041 |
_2eng _aeng |
||
| 082 | _a"X9(J:24).1(X).N8, M7/UN" | ||
| 110 |
_aFood and Agriculture Organizaiton _9363945 |
||
| 245 | 0 | _aFertilizer strategies | |
| 260 |
_aRome _bFood and Agriculture Organizaiton _c1987 |
||
| 300 |
_a148p. _ccm. |
||
| 650 |
_aSoil Industry _9363946 |
||
| 700 |
_aFood and Agriculture Organizaiton _9363947 |
||
| 942 |
_h"X9(J:24).1(X).N8, M7/UN" _cCC |
||
| 999 |
_c685985 _d685985 |
||